Matemática: programación y didáctica
Na minha lista:
| Autor principal: | |
|---|---|
| Formato: | Livro |
| Idioma: | espanhol |
| Publicado em: |
Madrid
Ediciones SM
2000
|
| Assuntos: | |
| Tags: |
Adicionar Tag
Sem tags, seja o primeiro a adicionar uma tag!
|
MARC
| LEADER | 00000nam a2200000 a 4500 | ||
|---|---|---|---|
| 001 | UCH6290 | ||
| 003 | CL-VaPUC | ||
| 008 | 091109e20000000SP |||||||||||||||||spa|d | ||
| 020 | |a 9562640965 | ||
| 082 | 0 | 4 | |a 510.712 |b BUJ |2 21 |
| 100 | 0 | |a Bujanda Jáuregui, María Paz |e author |9 542723 | |
| 245 | 1 | 0 | |a Matemática: programación y didáctica |
| 300 | |a 191 p | ||
| 942 | |c BK | ||
| 945 | |d 20091109 00:00:00 |a lazolas | ||
| 260 | |a Madrid |b Ediciones SM |c 2000 | ||
| 500 | |a Texto para profesores | ||
| 500 | |a Este libro corresponde al Cuarto Nivel de Educación Básica, área matemática | ||
| 650 | 0 | |a Matemáticas |x Enseñanza |9 875527 | |
| 650 | 0 | |a Currículo |9 307290 | |
| 650 | 0 | |a Libros de texto |9 270019 | |
| 650 | 0 | |a Métodos de enseñanza |9 270413 | |
| 650 | 0 | |a Educación básica |9 224933 | |
| 583 | |a last modification |c 20091109 00:00:00 |k Rodrigo Vera | ||
| 999 | |c 337207 |d 337205 | ||